| 000 | 00933ngm a2200265 a 4500 | ||
|---|---|---|---|
| 005 | 20240924070424.0 | ||
| 008 | 010920s1998 mx r 000 0 spa d | ||
| 035 | _aUPN01000111796 | ||
| 049 | _aAV | ||
| 099 | _aPVI QC 0977 | ||
| 245 | 0 | 0 | _aIntroducción al universo mecánico. |
| 260 |
_aMéxico : _bILCE, _c1998. |
||
| 300 |
_a1 videocassette (VHS) (115 min.) : _bson., col. |
||
| 440 | 0 |
_aUniverso mecánico ; _v1 |
|
| 500 | _aProducido en Filadelfia, E.U.A., por The Annenberg / CPB project en 1985 | ||
| 501 | _aCon: La ley de caida libre. -- Derivadas. -- Inercia. | ||
| 520 | _aSerie que trata sobre los científicos dedicados al estudio de la física y a la solución de problemas y planteamiento de leyes | ||
| 650 | 2 |
_aMecánica _925493 |
|
| 650 | 4 | _aMOMENTOS DE INERCIA | |
| 650 | 2 |
_aFísica _92498 |
|
| 740 | 3 | _aLa ley de caída libre | |
| 740 | 0 | _aDerivadas | |
| 740 | 0 | _aInercia | |
| 905 | _aAudiovisuales | ||
| 999 |
_c85704 _d85704 |
||